Our parliament / (Record no. 97226)

MARC details
000 -LEADER
fixed length control field 00609nam a22001937a 4500
005 - DATE AND TIME OF LATEST TRANSACTION
control field 20151127160731.0
010 ## - LCCN (DPL NO)
LC control number ENG-114119
020 ## - INTERNATIONAL STANDARD BOOK NUMBER
Terms of availability 495.00
International Standard Book Number 9789350356074
035 ## - SYSTEM CONTROL NUMBER
System control number EN-97651
037 ## - SOURCE OF ACQUISITION
Source of stock number/acquisition DBAD/PUB
082 ## - DEWEY DECIMAL CLASSIFICATION NUMBER
Classification number 328.54
100 ## - MAIN ENTRY--PERSONAL NAME
Personal name Rama Jois, M.
245 ## - TITLE STATEMENT
Title Our parliament /
Remainder of title by M. Rama Jois ; foreworded by Arun Jaitley
260 ## - PUBLICATION, DISTRIBUTION, ETC. (IMPRINT)
Place of publication, distribution, etc Gurgaon
Name of publisher, distributor, etc Universal Law Publishing
Date of publication, distribution, etc 2015
270 ## - ADDRESS
Address 14th Floor, Building No 10, Tower -B, DLFCyber City, Phase-II
City Gurgaon
Postal code 122002
300 ## - PHYSICAL DESCRIPTION
Extent xiv,310p.
Dimensions 24cm(pbk)
700 ## - ADDED ENTRY--PERSONAL NAME
Personal name Jaitley, Arun
942 ## - ADDED ENTRY ELEMENTS (KOHA)
Source of classification or shelving scheme Dewey Decimal Classification
Item type English Books
Call number suffix RAM
Classification part 328.54
Holdings
Withdrawn status Lost status Not for loan Collection code Home library Current library Date acquired Source of acquisition Cost, normal purchase price Full call number Barcode Copy number Cost, replacement price Koha item type
    Not For Loan Non-fiction D.B.Act.Division D.B.Act.Division 22/09/2015 DBAD/PUB 495.00 328.54 RAM EN-97651 1 495.00 English Books

© Delhi Public Library
Hit Counter
free hit counter